000 04306nam a22002897a 4500
003 DO-CoUTE
005 20260514134229.0
008 260514b dr ||||| |||| 00| 0 spa d
040 _aDO-CoUTE
_bspa
_cDO-CoUTE
041 _aspa
092 _aING 2026 P35
100 1 _aPeña Delgado, Darlin Manuel
_eSustentante
245 1 0 _aPropuesta de Diseño de Laboratorios para la Carrera de Ingeniería Civil para la Universidad Tecnológica del Cibao Oriental (UTECO) /
_cDarlin Manuel Peña Delgado, Ezequiel Almánzar Hernández, Franchesca Reinoso Valerio, Paola Jazmín Amaro Rosario, Zaeef Alexander Otáñez Almonte ; Asesor, Luis Núñez Hernández
260 _aCotuí, República Dominicana ;
_bUTECO,
_c2026
300 _a84 Hojas :
_bImágenes ;
_c23cm,
_e+ 1 CD-ROM
502 _aTrabajo de Grado (Ingeniero Civil) Universidad Tecnológica del Cibao Oriental, 2026.
504 _aIncluye referencia bibliográfica e índice.
520 _aActualmente, la Universidad Tecnológica del Cibao Oriental (UTECO), enfrenta el desafío de no contar con laboratorios adecuados para la Carrera de Ingeniería Civil que permitan a los estudiantes desarrollar actividades prácticas vinculadas a los conocimientos teóricos adquiridos. La formación práctica es clave para impulsar las competencias técnicas y profesionales, por lo que resulta prioritario disponer de espacios equipados con las herramientas y tecnologías necesarias para realizar ensayos, prácticas y proyectos aplicados. La ausencia de laboratorios especializados limita significativamente el aprendizaje y la capacidad de los futuros ingenieros civiles para desenvolverse de manera eficiente en el ámbito laboral. Por lo tanto, se hace de carácter prioritario la elaboración de una propuesta de diseño que contemple la creación de laboratorios funcionales, seguros y adaptados a las necesidades académicas y técnicas de la carrera. El proyecto tiene su foco principal en la Propuesta de Diseño de Laboratorios para la Carrera de Ingeniería Civil de la Universidad Tecnológica del Cibao Oriental (UTECO). La metodología utilizada se trata de un enfoque analítico y descriptivo, con un diseño no experimental. El estudio nace de la necesidad de una propuesta estructural y funcional que permita la creación de espacios especializados, donde los estudiantes puedan realizar prácticas seguras y eficientes que complementen su formación teórica. La propuesta plantea un diseño arquitectónico que responde a las necesidades académicas y técnicas de la carrera, favoreciendo directamente a la potenciación del aprendizaje práctico y a la mejora de la calidad educativa. Asimismo, se determinó que el diseño propuesto debe priorizar la distribución eficiente de los espacios equipados con tecnología actualizada, la ergonomía y el cumplimiento de los estándares de seguridad y calidad. Los resultados obtenidos evidenciaron que más del 90% de los encuestados considera fundamental que la universidad disponga de laboratorios adecuados para la enseñanza práctica. En consecuencia, la investigación propone el desarrollo de una infraestructura civil apropiada, moderna y funcional que contribuirá significativamente, tanto al desarrollo académico de los estudiantes como al fortalecimiento institucional de la UTECO. Finalmente, este proyecto no solo busca responder a una necesidad académica, sino también aportar significativamente al desarrollo institucional y regional, impulsando la formación de ingenieros civiles con mayores capacidades prácticas y técnicas. La materialización de esta propuesta contribuirá al reafianzamiento de la investigación aplicada, la colaboración con el sector productivo y la consolidación de la UTECO como referente en educación superior en el área de la ingeniería.
650 4 _aDiseño de laboratorio
700 1 _aDarlin Manuel Peña Delgado
_eSustentante
700 1 _aEzequiel Almánzar Hernández
_eSustentante
700 1 _aFranchesca Reinoso Valerio
_eSustentante
700 1 _aLuis Núñez Hernández
_eAsesor
830 _aTesis y disertaciones académicas (Universidad Tecnológica del Cibao Oriental)
856 _yHaga Click Aquí para Descargar en Texto Completo
942 _2ddc
_cTH
999 _c24189
_d24189